| 000 | 00761nam a2200205 a 4500 | ||
|---|---|---|---|
| 001 | 7641 | ||
| 005 | 20180713191534.0 | ||
| 008 | 140415s1991 mx 000 0 spa d | ||
| 020 | _a9681830598 | ||
| 041 | _aspa | ||
| 082 |
_a658.4 _bMCC |
||
| 100 | 1 | _aMCCARTY, MARILU HURT | |
| 245 | 1 | 0 | _aECONOMIA ADMINISTRATIVA Y SU APLICACION A LA EMPRESA |
| 250 | _a1a ed. | ||
| 260 |
_aMEXICO : _bLIMUSA, _c1991 |
||
| 300 |
_a667 _cx 19 x 24 |
||
| 520 | _aESTE LIBRO COLOCA LA TEORÍA MICROECONÓMICA EN EL ÁMBITODE LA CONTABILIDAD , LA ESTADÍSTICA Y LAS FINAZAS, Y MUESTRA COMO INTEGRARLAS PARA SU APLICACIÓN EN SITUACIONES REALES. | ||
| 650 | 1 | 4 |
_aADMINISTRACION INDUSTRIAL _xECONOMIA GERENCIAL |
| 740 | _amanagerial economics with applications | ||
| 999 |
_c7641 _d7641 |
||